Statistics for Most Common English Interjections

Click here to take the quiz!

General Stats

  • This quiz has been taken 104 times
  • The average score is 4 of 10

Answer Stats

Interjection% Correct
Oh
55%
No
49%
Hey
48%
Hi
48%
Hello
45%
Yes
44%
Wow
43%
Ah
40%
Yeah
23%
Hmm
8%

Score Distribution

Percentile by Number Answered

Percent of People with Each Score

Your Score History

You have not taken this quiz